[Event "RSA-chT Regions"]
[Site "Boksburg"]
[Date "2020.01.11"]
[Round "5.1"]
[White "February, Jesse Nikki"]
[Black "Simutowe, Musatwe"]
[Result "0-1"]
[WhiteElo "1889"]
[BlackElo "2176"]
[PlyCount "125"]
[EventDate "2020.01.09"]
[EventType "team-swiss"]
[EventRounds "7"]
[EventCountry "RSA"]
[SourceTitle "CBM 194 Extra"]
[Source "ChessBase"]
[SourceDate "2020.03.31"]
[SourceVersion "1"]
[SourceVersionDate "2020.03.31"]
[SourceQuality "1"]
[WhiteTeam "ENM"]
[BlackTeam "Sedibeng"]
[WhiteTeamCountry "RSA"]
[BlackTeamCountry "RSA"]

1. e4 c6 2. d4 d5 3. Nc3 dxe4 4. Nxe4 Bf5 5. Ng3 Bg6 6. Nh3 e6 7. Nf4 Bd6 8. h4 Qc7 9. Nxg6 hxg6 10. Ne4 Bf4 11. g3 Bxc1 12. Qxc1 Nf6 13. Nxf6+ gxf6 14. Qe3 Qa5+ 15. c3 Qd5 16. Rg1 Nd7 17. Bg2 Qa5 18. b4 Qa4 19. d5 cxd5 20. Bxd5 Rh5 21. Bb3 Qc6 22. 0-0-0 a5 23. Rd4 axb4 24. Rgd1 Nc5 25. Rxb4 Nxb3+ 26. axb3 Ra1+ 27. Kd2 Ra2+ 28. Kc1 Qa6 29. Ra4 Rxa4 30. bxa4 Qxa4 31. Rd4 Qa1+ 32. Kd2 Qb2+ 33. Kd1 Qb3+ 34. Kd2 Ra5 35. Qd3 Kf8 36. Rb4 Qa2+ 37. Ke3 Re5+ 38. Kf3 Rf5+ 39. Rf4 Rxf4+ 40. gxf4 Ke7 41. Kg3 Qa4 42. Qe3 Qc4 43. f5 gxf5 44. f4 e5 45. h5 Kf8 46. h6 exf4+ 47. Qxf4 Qxc3+ 48. Kg2 Qc2+ 49. Kg1 Qd1+ 50. Kf2 Qc2+ 51. Kg1 Qc5+ 52. Kg2 Qd5+ 53. Kf2 Qa2+ 54. Kg3 Qb3+ 55. Kh4 Kg8 56. Qxf5 Qe6 57. Qf4 Kh7 58. Qb4 f5 59. Kg3 Qe3+ 60. Kh2 Qxh6+ 61. Kg1 Qe3+ 62. Kf1 Qf3+ 63. Ke1 0-1

[Event "Africa-ch"]
[Site "Hammamet"]
[Date "2019.07.09"]
[Round "1"]
[White "Simutowe, Musatwe"]
[Black "Hesham, Abdelrahman"]
[Result "1/2-1/2"]
[WhiteElo "2170"]
[BlackElo "2417"]
[PlyCount "45"]
[EventDate "2019.07.09"]
[EventType "swiss"]
[EventRounds "9"]
[EventCountry "TUN"]
[SourceTitle "CBM 191 Extra"]
[Source "ChessBase"]
[SourceDate "2019.09.30"]
[SourceVersion "1"]
[SourceVersionDate "2019.09.30"]
[SourceQuality "1"]

1. d4 Nf6 2. Nf3 g6 3. Bf4 Bg7 4. e3 0-0 5. Be2 d6 6. h3 Nc6 7. 0-0 Nd7 8. Nc3 e5 9. Bh2 exd4 10. exd4 Nb6 11. Qd2 Bf5 12. Bf4 Re8 13. Rfe1 a5 14. Bb5 Rxe1+ 15. Rxe1 Qf8 16. a3 h6 17. Bd3 Bxd3 18. Qxd3 g5 19. Bd2 f5 20. Nb5 Qf7 21. Bc1 a4 22. Nd2 Rf8 23. c4 1/2-1/2

[Event "Sandton SWVG rapid op"]
[Site "Sandton"]
[Date "2019.05.19"]
[Round "8"]
[White "Simutowe, Musatwe"]
[Black "Van der Walt, Pierre E"]
[Result "1-0"]
[WhiteElo "2117"]
[BlackElo "1945"]
[PlyCount "75"]
[EventDate "2019.05.18"]
[EventType "swiss (rapid)"]
[EventRounds "10"]
[EventCountry "RSA"]
[SourceTitle "CBM 190 Extra"]
[Source "ChessBase"]
[SourceDate "2019.07.15"]
[SourceVersion "1"]
[SourceVersionDate "2019.07.15"]
[SourceQuality "1"]

1. d4 Nf6 2. c4 g6 3. Nc3 d5 4. Nf3 Bg7 5. Qb3 dxc4 6. Qxc4 0-0 7. e4 c6 8. h3 Be6 9. Qd3 h6 10. Be2 Nbd7 11. 0-0 Nb6 12. b3 Qc7 13. Be3 Rad8 14. Qc2 Nh5 15. Qc1 Kh7 16. Rd1 Bc8 17. a4 Nd7 18. Ra2 e6 19. g4 Nhf6 20. Bf4 Qb6 21. Bd6 Rfe8 22. a5 Qxb3 23. Ra3 Qxc3 24. Rxc3 Nxe4 25. Bc7 Nxc3 26. Qxc3 Nf6 27. Bxd8 Rxd8 28. a6 Nd5 29. Qc1 g5 30. Bf1 bxa6 31. Qxc6 Bd7 32. Qxa6 f5 33. Qxa7 fxg4 34. hxg4 Nf4 35. Rc1 Nd5 36. Bc4 Kh8 37. Bxd5 exd5 38. Rc7 1-0

[Event "Africa-ch U2300 op"]
[Site "Windhoek"]
[Date "2019.01.02"]
[Round "4.3"]
[White "Simutowe, Musatwe"]
[Black "Abera, Aydagnuhem Gezachew"]
[Result "1-0"]
[WhiteElo "2148"]
[BlackElo "2103"]
[PlyCount "67"]
[EventDate "2018.12.31"]
[EventType "swiss"]
[EventRounds "9"]
[EventCountry "NAM"]
[SourceTitle "EXT 2024"]
[Source "ChessBase"]
[SourceDate "2023.10.10"]
[SourceVersion "1"]
[SourceVersionDate "2023.10.10"]
[SourceQuality "1"]

1. e4 e5 2. Nf3 Nc6 3. Bb5 Nf6 4. d3 Nd4 5. Nxd4 exd4 6. 0-0 Be7 7. e5 Nd5 8. Qg4 Rg8 9. Qxd4 Nb4 10. Ba4 c5 11. Qe4 g6 12. Nc3 Rb8 13. a3 Nc6 14. Nd5 Kf8 15. Bh6+ Rg7 16. f4 d6 17. Nxe7 Qxe7 18. exd6 Qxd6 19. Bxc6 bxc6 20. b3 f6 21. Rae1 Bf5 22. Bxg7+ Kf7 23. Qa4 Kxg7 24. Qxa7+ Kh6 25. Qe7 Qd4+ 26. Kh1 c4 27. bxc4 Rb2 28. Qf8+ Kh5 29. Re7 Qf2 30. g4+ Kxg4 31. Rxf2 Bxd3 32. Rg2+ Kf3 33. cxd3 Rb1+ 34. Rg1 1-0

[Event "Africa-ch U2300 op"]
[Site "Windhoek"]
[Date "2018.12.31"]
[Round "1.4"]
[White "Mosenya, Ndawana"]
[Black "Simutowe, Musatwe"]
[Result "1-0"]
[WhiteElo "1945"]
[BlackElo "2148"]
[PlyCount "77"]
[EventDate "2018.12.31"]
[EventType "swiss"]
[EventRounds "9"]
[EventCountry "NAM"]
[SourceTitle "EXT 2024"]
[Source "ChessBase"]
[SourceDate "2023.10.10"]
[SourceVersion "1"]
[SourceVersionDate "2023.10.10"]
[SourceQuality "1"]

1. e4 c6 2. d4 d5 3. f3 e6 4. Nc3 Nf6 5. e5 Nfd7 6. f4 c5 7. Nf3 Nc6 8. Be3 a6 9. Qd2 b5 10. a3 Qb6 11. Be2 Be7 12. Nd1 cxd4 13. Nxd4 Nxd4 14. Bxd4 Bc5 15. c3 f6 16. Qe3 fxe5 17. fxe5 0-0 18. Nf2 Qc7 19. Nd3 Be7 20. Nf4 Nc5 21. 0-0 Qc6 22. Nh5 Ne4 23. Rxf8+ Bxf8 24. Rf1 Bd7 25. Qf4 Qc8 26. Bd3 Qe8 27. g4 Bc6 28. b4 Be7 29. Nf6+ Nxf6 30. exf6 Bxf6 31. Bxf6 gxf6 32. Qh6 Qe7 33. Rxf6 Rf8 34. g5 Qa7+ 35. Kf1 Qe7 36. Bg6 Rd8 37. Rf7 Qxf7+ 38. Bxf7+ Kxf7 39. Qf6+ 1-0

[Event "Olympiad-43"]
[Site "Batumi"]
[Date "2018.09.30"]
[Round "6.39"]
[White "Abdyjapar, Asyl"]
[Black "Simutowe, Musatwe"]
[Result "1-0"]
[WhiteElo "2372"]
[BlackElo "2208"]
[PlyCount "165"]
[EventDate "2018.09.24"]
[EventType "team-swiss"]
[EventRounds "11"]
[EventCountry "GEO"]
[SourceTitle "CBM 187"]
[Source "ChessBase"]
[SourceDate "2018.12.11"]
[SourceVersion "1"]
[SourceVersionDate "2018.12.11"]
[SourceQuality "1"]
[WhiteTeam "Kyrgyzstan"]
[BlackTeam "Zambia"]
[WhiteTeamCountry "KGZ"]
[BlackTeamCountry "ZAM"]

1. d4 d5 2. c4 c6 3. Nf3 Nf6 4. Qc2 e6 5. g3 Nbd7 6. Bg2 Be7 7. 0-0 0-0 8. Nbd2 b6 9. e4 Bb7 10. Rd1 Rc8 11. e5 Ne8 12. Nf1 Nc7 13. b3 c5 14. Ne3 Qe8 15. Bb2 b5 16. dxc5 Nxc5 17. Ng4 Ne4 18. Nd4 f5 19. exf6 Nxf6 20. Nxf6+ Bxf6 21. Rac1 bxc4 22. bxc4 Kh8 23. Re1 Qf7 24. c5 Rfe8 25. c6 Ba6 26. Nf3 Bc4 27. Ne5 Bxe5 28. Bxe5 Na8 29. f4 Rxc6 30. Bd4 Nb6 31. Qd2 Nd7 32. Qb2 Rb8 33. Qf2 a5 34. Rb1 Rcc8 35. Rxb8 Rxb8 36. Bh3 Re8 37. Qe3 Nf8 38. f5 e5 39. Bxe5 Kg8 40. Qf2 Bd3 41. g4 Be4 42. Qd4 Nd7 43. Bd6 Rc8 44. Re2 h6 45. Bf1 Qf6 46. Qxf6 Nxf6 47. h3 Bd3 48. Re3 Bxf1 49. Kxf1 Rc1+ 50. Re1 Rc2 51. Re2 Rc3 52. Kg2 Ne4 53. Be5 Rc4 54. Rb2 d4 55. Rb8+ Kf7 56. Rd8 Nf6 57. Rxd4 Rc2+ 58. Kf3 Rxa2 59. Rd3 a4 60. h4 Rc2 61. g5 hxg5 62. hxg5 Ne8 63. Rd7+ Kf8 64. Ra7 Rc4 65. g6 Rb4 66. Ke3 Rb3+ 67. Kd4 Rb4+ 68. Kc5 Re4 69. Kd5 Rb4 70. Bd4 Rb8 71. Ke6 a3 72. Rxa3 Nc7+ 73. Kd7 Nd5 74. Be5 Nf6+ 75. Bxf6 gxf6 76. Ra6 Kg7 77. Ra7 Rb6 78. Ke7 Rc6 79. Ke8+ Kg8 80. Rf7 Ra6 81. Ke7 Ra8 82. Kxf6 Ra1 83. Rb7 1-0

[Event "Africa-ch"]
[Site "Livingstone"]
[Date "2018.05.13"]
[Round "1"]
[White "Simutowe, Musatwe"]
[Black "Amin, Bassem"]
[Result "0-1"]
[WhiteElo "2201"]
[BlackElo "2667"]
[PlyCount "80"]
[EventDate "2018.05.13"]
[EventType "swiss"]
[EventRounds "9"]
[EventCountry "ZAM"]
[SourceTitle "CBM 184 Extra"]
[Source "ChessBase"]
[SourceDate "2018.06.28"]
[SourceVersion "1"]
[SourceVersionDate "2018.06.28"]
[SourceQuality "1"]

1. d4 Nf6 2. Nf3 c5 3. c4 cxd4 4. Nxd4 e5 5. Nb5 d5 6. cxd5 Bc5 7. e3 0-0 8. Be2 Nxd5 9. 0-0 Nc6 10. N1c3 Nf6 11. Bf3 Be6 12. Na3 Qe7 13. Qe2 Rac8 14. Rd1 Nb4 15. Bd2 a6 16. Be1 b5 17. Rd2 Bf5 18. e4 Be6 19. Nc2 Bc4 20. Qd1 Nxc2 21. Qxc2 b4 22. Na4 Ba7 23. Qd1 Rfd8 24. b3 Bb5 25. Rc1 Bd4 26. Rxc8 Rxc8 27. Rc2 Rd8 28. Qc1 a5 29. Rc7 Qd6 30. h3 h6 31. h4 Ne8 32. Rc8 Rxc8 33. Qxc8 Qc7 34. Qxc7 Nxc7 35. g3 Bd3 36. Bd2 Bb1 37. Kf1 Bxa2 38. Bd1 Bb1 39. f3 Nb5 40. Ke2 Nc3+ 0-1

[Event "Matola zt 4.3"]
[Site "Matola"]
[Date "2018.04.09"]
[Round "3.7"]
[White "Simutowe, Musatwe"]
[Black "Do Santos Julio, Joao Manuel"]
[Result "0-1"]
[WhiteElo "2239"]
[BlackElo "2132"]
[PlyCount "56"]
[EventDate "2018.04.08"]
[EventType "swiss"]
[EventRounds "9"]
[EventCountry "MOZ"]
[SourceTitle "EXT 2024"]
[Source "ChessBase"]
[SourceDate "2023.10.10"]
[SourceVersion "1"]
[SourceVersionDate "2023.10.10"]
[SourceQuality "1"]

1. d4 d5 2. c4 c6 3. Nc3 Nf6 4. e3 e6 5. Nf3 Bd6 6. Bd3 Nbd7 7. 0-0 0-0 8. e4 dxe4 9. Nxe4 Be7 10. Qe2 Re8 11. Rd1 Nxe4 12. Bxe4 Nf8 13. Bf4 Ng6 14. Bd2 Qd7 15. Bc3 Bf6 16. Rac1 b6 17. Qc2 Bb7 18. b4 c5 19. Bxb7 Qxb7 20. dxc5 Bxc3 21. Qxc3 bxc5 22. b5 Rad8 23. a4 Qe4 24. Rxd8 Rxd8 25. Qe3 Qf5 26. Qg5 Qd3 27. h3 h6 28. Qxc5 Nf4 0-1

[Event "ZAM-ch"]
[Site "Lusaka"]
[Date "2018.03.11"]
[Round "7"]
[White "Simutowe, Musatwe"]
[Black "Phiri, Richmond"]
[Result "1-0"]
[WhiteElo "2221"]
[BlackElo "2342"]
[PlyCount "55"]
[EventDate "2018.03.09"]
[EventType "tourn"]
[EventRounds "9"]
[EventCountry "ZAM"]
[EventCategory "1"]
[SourceTitle "CBM 183 Extra"]
[Source "ChessBase"]
[SourceDate "2018.04.19"]
[SourceVersion "1"]
[SourceVersionDate "2018.04.19"]
[SourceQuality "1"]

1. d4 Nf6 2. c4 g6 3. Nc3 d5 4. Bg5 Ne4 5. Bf4 Nxc3 6. bxc3 Bg7 7. e3 0-0 8. Nf3 c5 9. Be2 dxc4 10. Bxc4 Nc6 11. 0-0 Bg4 12. Be2 Rc8 13. Rb1 cxd4 14. cxd4 Qd7 15. Qb3 Na5 16. Qb4 b6 17. Rbc1 Qb7 18. Qb5 Be6 19. a3 h6 20. Rfd1 Bd5 21. Ne1 Bc6 22. Qb4 Qd7 23. Nf3 Qb7 24. Ne1 Bd5 25. Qb5 Rfd8 26. Nf3 e6 27. Ne1 Bf8 28. Kh1 1-0

[Event "Livingstone FIDE zt 4.3"]
[Site "Livingstone"]
[Date "2017.06.15"]
[Round "7"]
[White "Simutowe, Musatwe"]
[Black "Phiri, Richmond"]
[Result "0-1"]
[WhiteElo "2157"]
[BlackElo "2235"]
[PlyCount "94"]
[EventDate "2017.06.10"]
[EventType "swiss"]
[EventRounds "9"]
[EventCountry "ZAM"]
[SourceTitle "EXT 2020"]
[Source "ChessBase"]
[SourceDate "2019.10.17"]
[SourceVersion "1"]
[SourceVersionDate "2019.10.17"]
[SourceQuality "1"]

1. d4 Nf6 2. Nf3 g6 3. Bf4 Bg7 4. e3 0-0 5. Be2 c5 6. c3 d5 7. Nbd2 cxd4 8. exd4 Nc6 9. 0-0 Nh5 10. Be3 Qd6 11. Ne1 Nf4 12. Bxf4 Qxf4 13. Nd3 Qc7 14. Re1 Bf5 15. Bf1 Rfd8 16. Nf3 Na5 17. Nh4 Bd7 18. Nc5 Be8 19. Nf3 b6 20. Nd3 Nc4 21. Qc1 a5 22. a4 Rac8 23. Nde5 Nd6 24. Bd3 Rb8 25. Qf4 e6 26. h4 b5 27. axb5 Bxb5 28. Bc2 Be8 29. Ra2 Qe7 30. Nd3 Bb5 31. Nc5 Qc7 32. Rea1 Ra8 33. b4 Be2 34. Rxa5 Rxa5 35. Rxa5 Bxf3 36. Qxf3 Nc4 37. Ra6 e5 38. dxe5 Qxe5 39. Ra7 Qe1+ 40. Kh2 Ne5 41. Qg3 h5 42. Nd3 Qxc3 43. Kg1 Nc6 44. Ra2 Qc4 45. Bb1 Qb3 46. Rc2 Nd4 47. Qc7 Ne6 0-1

[Event "Livingstone FIDE zt 4.3"]
[Site "Livingstone"]
[Date "2017.06.14"]
[Round "6"]
[White "Mwali, Chitumbo"]
[Black "Simutowe, Musatwe"]
[Result "1-0"]
[WhiteElo "2312"]
[BlackElo "2157"]
[PlyCount "49"]
[EventDate "2017.06.10"]
[EventType "swiss"]
[EventRounds "9"]
[EventCountry "ZAM"]
[SourceTitle "EXT 2020"]
[Source "ChessBase"]
[SourceDate "2019.10.17"]
[SourceVersion "1"]
[SourceVersionDate "2019.10.17"]
[SourceQuality "1"]

1. Nf3 d5 2. g3 Nf6 3. Bg2 c6 4. c4 Bf5 5. Qb3 Qb6 6. Nc3 e6 7. d3 Qxb3 8. axb3 Nbd7 9. 0-0 h6 10. cxd5 exd5 11. e4 dxe4 12. dxe4 Be6 13. Nd4 a6 14. Nxe6 fxe6 15. Bh3 Kf7 16. f4 Nc5 17. e5 Nxb3 18. Rb1 Nxc1 19. Rbxc1 Nd5 20. f5 exf5 21. Nxd5 cxd5 22. Rc7+ Ke8 23. Bxf5 Be7 24. e6 Bf6 25. Rd7 1-0

[Event "Johannesburg PSS Capablanca-A"]
[Site "Johannesburg"]
[Date "2017.04.29"]
[Round "5"]
[White "Simutowe, Musatwe"]
[Black "Manan, Yoboue Hermann"]
[Result "0-1"]
[WhiteElo "2198"]
[BlackElo "2072"]
[PlyCount "92"]
[EventDate "2017.04.26"]
[EventType "tourn"]
[EventRounds "9"]
[EventCountry "RSA"]
[SourceTitle "CBM 178 Extra"]
[Source "ChessBase"]
[SourceDate "2017.06.22"]
[SourceVersion "1"]
[SourceVersionDate "2017.06.22"]
[SourceQuality "1"]

1. e4 e5 2. Nf3 Nc6 3. Bb5 a6 4. Ba4 d6 5. 0-0 Bd7 6. c3 g6 7. d4 Bg7 8. Re1 Nf6 9. Nbd2 0-0 10. Nf1 Nh5 11. Ng3 Nxg3 12. hxg3 Bg4 13. Be3 Bxf3 14. gxf3 Qf6 15. d5 Na5 16. Qd3 b5 17. Bd1 Nc4 18. Bc1 Qe7 19. a4 Nb6 20. axb5 axb5 21. Rxa8 Rxa8 22. Qxb5 Nd7 23. b4 f5 24. Kg2 f4 25. Qb7 Qd8 26. Re2 Ra1 27. Rc2 h5 28. Be2 fxg3 29. fxg3 h4 30. gxh4 Qxh4 31. Qc8+ Nf8 32. Qg4 Qe1 33. Be3 Qh1+ 34. Kf2 Bf6 35. Bg5 Qh2+ 36. Ke3 Rg1 37. Bxf6 Rxg4 38. fxg4 Qf4+ 39. Kd3 Qxf6 40. c4 Qf2 41. Kd2 Qd4+ 42. Bd3 Nh7 43. Rc3 Nf6 44. Kc2 Nxg4 45. Kb3 Nf2 46. Bc2 Nxe4 0-1

[Event "Johannesburg PSS Capablanca-A"]
[Site "Johannesburg"]
[Date "2017.04.28"]
[Round "4"]
[White "Van Zyl Rudd, Jack"]
[Black "Simutowe, Musatwe"]
[Result "1/2-1/2"]
[WhiteElo "2075"]
[BlackElo "2198"]
[PlyCount "50"]
[EventDate "2017.04.26"]
[EventType "tourn"]
[EventRounds "9"]
[EventCountry "RSA"]
[SourceTitle "CBM 178 Extra"]
[Source "ChessBase"]
[SourceDate "2017.06.22"]
[SourceVersion "1"]
[SourceVersionDate "2017.06.22"]
[SourceQuality "1"]

1. d4 d5 2. c4 c6 3. Nf3 Nf6 4. Nc3 dxc4 5. a4 Bf5 6. Nh4 Bg4 7. h3 Bh5 8. g4 Bg6 9. Nxg6 hxg6 10. e4 e6 11. g5 Nfd7 12. Bxc4 Bb4 13. Qb3 Qe7 14. Be3 a5 15. 0-0-0 Na6 16. h4 Nc7 17. Kb1 b5 18. axb5 a4 19. Qc2 Bxc3 20. bxc6 Nb6 21. Qxc3 a3 22. b3 Rb8 23. Ka1 Nxc4 24. Qxc4 Rb4 25. Qc2 0-0 1/2-1/2

[Event "Johannesburg PSS Capablanca-A"]
[Site "Johannesburg"]
[Date "2017.04.27"]
[Round "3"]
[White "Simutowe, Musatwe"]
[Black "Nene, Themba"]
[Result "1-0"]
[WhiteElo "2198"]
[BlackElo "1944"]
[PlyCount "103"]
[EventDate "2017.04.26"]
[EventType "tourn"]
[EventRounds "9"]
[EventCountry "RSA"]
[SourceTitle "CBM 178 Extra"]
[Source "ChessBase"]
[SourceDate "2017.06.22"]
[SourceVersion "1"]
[SourceVersionDate "2017.06.22"]
[SourceQuality "1"]

1. e4 c5 2. Nf3 g6 3. d4 cxd4 4. Nxd4 Bg7 5. c4 Nc6 6. Be3 Nf6 7. Nc3 0-0 8. Be2 d6 9. 0-0 a6 10. Rc1 Bd7 11. f3 Nxd4 12. Bxd4 Bc6 13. Qd2 Rc8 14. Rfd1 Nd7 15. b3 Bxd4+ 16. Qxd4 Qb6 17. Qxb6 Nxb6 18. Kf2 Nd7 19. Bf1 f5 20. exf5 Rxf5 21. Bd3 Rf4 22. Be4 Rcf8 23. Bd5+ Kg7 24. Re1 Ne5 25. Rcd1 Bxd5 26. Nxd5 R4f7 27. Kg1 Nc6 28. Re6 Rc8 29. Rde1 Kf8 30. R6e4 e5 31. Rd1 g5 32. h4 h6 33. hxg5 hxg5 34. Rg4 Rg7 35. Nc3 Nd4 36. Ne4 Ke7 37. Kf2 Rcg8 38. Rh1 Ne6 39. Rh6 Rg6 40. Rh7+ R6g7 41. Rh1 Nd4 42. Ng3 Rf8 43. Rh5 Ne6 44. Rh6 Rf6 45. Rxf6 Kxf6 46. Nh5+ Kg6 47. Nxg7 Kxg7 48. Re4 Nc5 49. Re2 Kf6 50. Ke3 Ne6 51. Rd2 Ke7 52. Rd1 1-0

[Event "Olympiad-42"]
[Site "Baku"]
[Date "2016.09.12"]
[Round "10.4"]
[White "Kalezic, Blazo"]
[Black "Simutowe, Musatwe"]
[Result "1-0"]
[WhiteElo "2457"]
[BlackElo "2178"]
[PlyCount "69"]
[EventDate "2016.09.02"]
[EventType "team-swiss"]
[EventRounds "11"]
[EventCountry "AZE"]
[SourceTitle "CBM 175"]
[Source "ChessBase"]
[SourceDate "2016.11.10"]
[SourceVersion "1"]
[SourceVersionDate "2016.11.10"]
[SourceQuality "1"]
[WhiteTeam "Montenegro"]
[BlackTeam "Zambia"]
[WhiteTeamCountry "MNE"]
[BlackTeamCountry "ZAM"]

1. e4 e5 2. Nc3 Nc6 3. g3 Bc5 4. Bg2 Nf6 5. d3 h6 6. h3 d6 7. Be3 Bb6 8. Bxb6 axb6 9. Nge2 Bd7 10. 0-0 Qc8 11. Kh2 Qd8 12. f4 Qe7 13. d4 exd4 14. Nxd4 0-0 15. Ndb5 Rfc8 16. a4 Nd8 17. Qe2 Bc6 18. Nd4 Qf8 19. b3 Bd7 20. e5 Ne8 21. Rad1 c6 22. exd6 Nxd6 23. Qd3 Rc7 24. g4 Ne8 25. Qg3 Ra5 26. Ne4 Bc8 27. g5 Kh8 28. Nf3 Rd7 29. gxh6 gxh6 30. Ne5 Rxd1 31. Rxd1 Ne6 32. f5 N6g7 33. f6 Nf5 34. Qc3 Nc7 35. Rd8 1-0

[Event "Johannesburg Redpath op"]
[Site "Johannesburg"]
[Date "2016.07.15"]
[Round "4"]
[White "Jere, Daniel"]
[Black "Simutowe, Musatwe"]
[Result "1-0"]
[WhiteElo "2368"]
[BlackElo "2163"]
[PlyCount "75"]
[EventDate "2016.07.13"]
[EventType "swiss"]
[EventRounds "9"]
[EventCountry "RSA"]
[SourceTitle "CBM 173 Extra"]
[Source "ChessBase"]
[SourceDate "2016.08.29"]
[SourceVersion "1"]
[SourceVersionDate "2016.08.29"]
[SourceQuality "1"]

1. c4 Nf6 2. g3 e6 3. Bg2 d5 4. Nf3 Be7 5. 0-0 0-0 6. b3 c5 7. Bb2 Nc6 8. e3 b6 9. Nc3 Bb7 10. cxd5 Nxd5 11. Nxd5 Qxd5 12. d4 Qf5 13. Ne5 Nxe5 14. Bxb7 Rad8 15. Qe2 cxd4 16. exd4 Ng4 17. Bg2 Nf6 18. Rfc1 Rc8 19. Bb7 Rxc1+ 20. Rxc1 Bd6 21. Kg2 h5 22. Qf3 Qxf3+ 23. Bxf3 Rd8 24. a4 Kf8 25. Rc6 Ke7 26. Bc3 Rd7 27. b4 Rc7 28. Rxc7+ Bxc7 29. b5 g6 30. Bd2 e5 31. dxe5 Bxe5 32. Be3 Nd7 33. Bc6 Nc5 34. a5 Bd6 35. a6 Bc7 36. Bd5 Bd6 37. f3 Nd7 38. g4 1-0

[Event "Johannesburg PSS op"]
[Site "Johannesburg"]
[Date "2016.04.23"]
[Round "7"]
[White "Anwuli, Daniel"]
[Black "Simutowe, Musatwe"]
[Result "1-0"]
[WhiteElo "2365"]
[BlackElo "2152"]
[PlyCount "81"]
[EventDate "2016.04.23"]
[EventType "swiss"]
[EventRounds "10"]
[EventCountry "RSA"]
[SourceTitle "CBM 172 Extra"]
[Source "ChessBase"]
[SourceDate "2016.06.21"]
[SourceVersion "1"]
[SourceVersionDate "2016.06.21"]
[SourceQuality "1"]

1. e4 c6 2. d4 d5 3. exd5 cxd5 4. Bd3 Nc6 5. c3 Nf6 6. Bf4 Bg4 7. Qb3 Qc8 8. Nd2 e6 9. Ngf3 Be7 10. 0-0 0-0 11. Rae1 a6 12. Ne5 Bh5 13. Qc2 b5 14. Ndf3 Na5 15. Ng5 Bg6 16. Nxg6 hxg6 17. Qe2 Nc4 18. Nf3 Ra7 19. Ne5 Rb7 20. g4 Nxe5 21. dxe5 Nd7 22. Bg3 Nc5 23. Bb1 b4 24. c4 dxc4 25. Qxc4 a5 26. h4 Na4 27. Qe2 b3 28. a3 Nc5 29. h5 gxh5 30. gxh5 Rd8 31. Rc1 Rc7 32. Qg4 Nd3 33. Rxc7 Qxc7 34. Qe4 Bc5 35. Bxd3 Rd4 36. Qh7+ Kf8 37. Be2 Rd2 38. h6 Bxf2+ 39. Rxf2 Qc1+ 40. Kh2 gxh6 41. Qxf7# 1-0